书目信息 |
| 题名: |
我的琵琶很简单
|
|
| 作者: | 乐海 编著 | |
| 分册: | ||
| 出版信息: | 北京 北京日报出版社 2019 |
|
| 页数: | 262页 | |
| 开本: | 30cm | |
| 丛书名: | ||
| 单 册: | ||
| 中图分类: | J648.33 | |
| 科图分类: | ||
| 主题词: | 琵琶--民族器乐曲--中国--选集 | |
| 电子资源: | ||
| ISBN: | 978-7-5477-3368-4 | |
| 000 | 00700nam0 2200217 450 | |
| 001 | 2374775580 | |
| 005 | 20231016204628.47 | |
| 010 | @a978-7-5477-3368-4@dCNY68.00 | |
| 100 | @a20191113d2019 em y0chiy50 ea | |
| 101 | 0 | @achi |
| 102 | @aCN@b110000 | |
| 105 | @ag z 000yy | |
| 200 | 1 | @a我的琵琶很简单@Awo de pi pa hen jian dan@f乐海编著 |
| 210 | @a北京@c北京日报出版社@d2019 | |
| 215 | @a262页@d30cm | |
| 330 | @a本书精心挑选了近200首适合琵琶演奏的流行、经典歌曲,并在乐曲中配有微信二维码示范音频等内容。 | |
| 606 | 0 | @a琵琶@x民族器乐曲@y中国@j选集 |
| 690 | @aJ648.33@v5 | |
| 701 | 0 | @a乐海@Ale hai@4编著 |
| 801 | 0 | @aCN@b大连网信软件有限公司图书馆·11@c20231016 |
| 905 | @aZUCC@dJ648.33@e2 | |
| 我的琵琶很简单/乐海编著.-北京:北京日报出版社,2019 |
| 262页;30cm |
| ISBN 978-7-5477-3368-4:CNY68.00 |
| 本书精心挑选了近200首适合琵琶演奏的流行、经典歌曲,并在乐曲中配有微信二维码示范音频等内容。 |
| ● |
| 相关链接 |
|
|
|
正题名:我的琵琶很简单
索取号:J648.33/2
 
预约/预借
| 序号 | 登录号 | 条形码 | 馆藏地/架位号 | 状态 | 备注 |
| 1 | 2001027699 | 2001027699 | 第四书库/四35架A面5层2列/ [索取号:J648.33/2] | 在馆 | |
| 2 | 2001027700 | 2001027700 | 第四书库/四35架A面5层2列/ [索取号:J648.33/2] | 在馆 | |
| 3 | 2001027701 | 2001027701 | 第四书库/四35架A面5层2列/ [索取号:J648.33/2] | 在馆 | |
| 4 | 2001027702 | 2001027702 | 第四书库/四35架A面5层2列/ [索取号:J648.33/2] | 在馆 | |
| 5 | 2001027703 | 2001027703 | 第四书库/四35架A面5层2列/ [索取号:J648.33/2] | 在馆 | |
| 6 | 2001027704 | 2001027704 | 第四书库/四35架A面5层2列/ [索取号:J648.33/2] | 在馆 |